000 00310nam a22001337a 4500
008 170726b xxu||||| |||| 00| 0 eng d
020 _a9780132557467
041 _aeng
080 _a004
100 _a30
101 _aSHK
245 _aPLANNING AND DESIGNING THE DATA WAREHOUSE
_cBARQUIN,R
942 _2udc
_cBK
999 _c21939
_d21939